Call of Duty Black Ops 3: Shadows of Evil | Ultimate Zombies Quiz! - Statistics

General Stats
  • This quiz has been taken 287 times
  • The average score is 9 of 15
Answer Stats
Question Answer % Correct
New Perk Widows Wine
92%
New Starting Pistol Bloodhound
88%
Boss zombie with three heads Margwa
87%
Mysterious character that talks to the crew Shadow Man
86%
City that the map takes place Morg City
76%
The most powerful artifact in the universe Summoning Key
73%
Robot that assists you when summoned Civil Protector
64%
Specialist Weapon Sword
64%
New mode Beast
60%
Wonder Weapon Apothicon Servant
57%
A way to obtain powerups, guns, parts, ect. for free Pods
45%
Pack a punch camo name Ritual
33%
New machine introduced into the map Gobblegum
32%
Intro song for the map Snakeskin Boots
29%
Hidden area of the map The Rift
8%
No matching quizzes found
Score Distribution
Percent of People with Each Score
Percentile by Number Answered
Your Score History
You have not taken this quiz